[Event "X Malaga Open"]
[Site "Campillos ESP"]
[Date "2007.03.03"]
[Round "9"]
[White "Djuric,S"]
[Black "Matamoros Franco,C"]
[Result "1/2-1/2"]
[WhiteElo "2464"]
[BlackElo "2540"]

1.d4 Nf6 2.c4 g6 3.Nc3 Bg7 4.e4 d6 5.Nf3 O-O 6.Be2 e5 7.O-O Na6 8.d5 Nc5
9.Qc2 a5 10.Bg5 h6 11.Be3  1/2-1/2

[Event "23rd Open"]
[Site "Cappelle la Grande FRA"]
[Date "2007.03.03"]
[Round "1"]
[White "Landa,K"]
[Black "Sagafos,M"]
[Result "1-0"]
[WhiteElo "2596"]
[BlackElo "2427"]

1.d4 Nf6 2.Nf3 g6 3.c4 Bg7 4.Nc3 d6 5.e4 O-O 6.Be2 e5 7.O-O Na6 8.Be3 Ng4
9.Bg5 Qe8 10.c5 exd4 11.Nd5 f6 12.Bxa6 bxa6 13.Nxc7 Qxe4 14.Qb3+ Kh8 15.Bd2 dxc5
16.Nxa8 Qxa8 17.Rac1 Bb7 18.Rxc5 Ne5 19.Nxe5 fxe5 20.f3 e4 21.Rc7 Bd5 22.Qb4 Be5
23.Bh6 Re8 24.Re7 Rb8 25.Qa3  1-0

[Event "Interclubes Paulista"]
[Site "Sao Paulo BRA"]
[Date "2007.03.03"]
[Round "5"]
[White "Maia,L"]
[Black "Gomez,Gu"]
[Result "1-0"]
[WhiteElo "2363"]
[BlackElo "2043"]

1.Nf3 Nf6 2.c4 g6 3.Nc3 Bg7 4.e4 d6 5.d4 O-O 6.Be2 e5 7.Be3 Nc6 8.d5 Ne7
9.Nd2 Ne8 10.c5 f5 11.f3 f4 12.Bf2 g5 13.Nc4 Ng6 14.b4 Rf7 15.a4 Bf8 16.a5 Bd7
17.Qb3 Nh4 18.Kd2 g4 19.Rhg1 g3 20.hxg3 fxg3 21.Be3 Qf6 22.Qa3 Ng7 23.b5 Nh5
24.c6 bxc6 25.bxc6 Bc8 26.a6 Nf4 27.Bf1 Bh6 28.Rb1 Bh3 29.Bxf4 Qxf4+ 30.Kc2 Bc8
31.Rb7 Nxf3 32.gxf3 Qxf3 33.Nd1 Qxe4+ 34.Bd3 Qxd5 35.Rxg3+ Kh8 36.Qb3 Qxc6
37.Rb8 Rxb8 38.Qxb8 Rf8 39.Nc3 Bxa6 40.Qb4 Bf4 41.Rg1 Qf3 42.Re1 Qf2+ 43.Re2 Qd4
44.Re4 Qf2+ 45.Re2 Qf3 46.Qa5 Qc6 47.Qb4 Rg8 48.Kb3 Qf3 49.Be4 Qf1 50.Nxd6 cxd6
51.Qxd6 Qg1 52.Qxa6 Rb8+ 53.Ka2 Qg8+ 54.Nd5 Qg7 55.Rc2 Rf8 56.Rc7 Rf7 57.Qc8+ Qg8
58.Rxf7  1-0

[Event "ch-TUR"]
[Site "Ankara TUR"]
[Date "2007.03.06"]
[Round "6"]
[White "Erdogan,H"]
[Black "Erdogdu,M"]
[Result "0-1"]
[WhiteElo "2307"]
[BlackElo "2409"]

1.d4 Nf6 2.c4 g6 3.Nc3 Bg7 4.e4 d6 5.Nf3 O-O 6.Be2 e5 7.dxe5 dxe5 8.Qxd8 Rxd8
9.Bg5 Nbd7 10.O-O-O Rf8 11.Nd2 Nc5 12.f3 Ne6 13.Be3 c5 14.Nd5 b6 15.Ne7+ Kh8
16.Nxc8 Raxc8 17.Nb3 Nd4 18.Nxd4 cxd4 19.Bd2 Nd7 20.b4 f5 21.Rhf1 fxe4 22.fxe4 Nf6
23.Bd3 Ng4 24.Rxf8+ Bxf8 25.Kc2 a5 26.bxa5 b5 27.Be2 Nf6 28.Rf1 Kg7 29.Rb1 bxc4
30.Rb7+ Kg8 31.Bf3 Ra8 32.Bg5 Bg7 33.Rb5 h5 34.Rc5 c3 35.Rc6 Nh7 36.Bc1 Rxa5
37.a3 Nf6 38.Rc8+ Kf7 39.Rc7+ Kf8 40.Kb3 Rb5+ 41.Kc2 Kg8 42.Rc8+ Kh7 43.a4 Rb7
44.Ra8 Bh6 45.Ba3 Ng4 46.Bxg4 hxg4 47.Re8 Bg7 48.Re7 Rb8 49.Rd7 Kg8 50.a5 Ra8
51.Rd5 Bf8 52.Bxf8 Rxf8 53.Rxe5 Rf2+ 54.Kb3 Rb2+ 55.Ka3 Rb1 56.Rc5 d3 57.a6 d2
58.a7 Ra1+  0-1

[Event "39th WGM"]
[Site "Belgrade/Lazarevac SRB"]
[Date "2007.03.06"]
[Round "3"]
[White "Vojinovic,J"]
[Black "Cherenkova,K"]
[Result "0-1"]
[WhiteElo "2151"]
[BlackElo "2239"]

1.d4 Nf6 2.Nf3 g6 3.c4 Bg7 4.Nc3 O-O 5.e4 d6 6.Be2 e5 7.Be3 exd4 8.Nxd4 Re8
9.f3 Nc6 10.Nc2 Ne5 11.Qd2 Be6 12.b3 a5 13.O-O Nc6 14.Bg5 Qc8 15.Rac1 Nd7
16.Nb5 Nc5 17.Ne3 h6 18.Bf4 Kh7 19.Nd5 Bxd5 20.cxd5 Ne5 21.Qc2 Qd8 22.Rfd1 Rf8
23.a3 f5 24.exf5 Rxf5 25.Bg3 Rf7 26.Nd4 Qe7 27.b4 axb4 28.axb4 Ned3 29.Bxd3 Bxd4+
30.Kh1 Nxd3 31.Qxd3 Bg7 32.Re1 Qg5 33.Rc4 Ra2 34.f4 Qf6 35.h4 Qb2 36.Rg1 Ra3
37.Qe4 Rxg3 38.Kh2 Ra3 39.h5 Qf6 40.g3 Ra2+ 41.Kh1 Re7 42.hxg6+ Kh8 43.Qb1 Ree2
44.Rgc1 Rh2+ 45.Kg1 Qd4+  0-1

[Event "ch-SRB"]
[Site "Vrsac SRB"]
[Date "2007.03.06"]
[Round "3"]
[White "Miladinovic,I"]
[Black "Tadic,B"]
[Result "1-0"]
[WhiteElo "2607"]
[BlackElo "2496"]

1.d4 d6 2.Nf3 Nf6 3.c4 g6 4.Nc3 Bg7 5.e4 O-O 6.Be2 e5 7.O-O exd4 8.Nxd4 Re8
9.Bf3 Nbd7 10.Re1 Nc5 11.Rb1 h6 12.b4 Ne6 13.Nxe6 Bxe6 14.e5 Nd7 15.Bxb7 Rb8
16.Bc6 Bf5 17.Rb3 Rxe5 18.Be3 Qh4 19.Nd5 Qxc4 20.Qc1 Qh4 21.Bxa7 Rbe8 22.Rbe3 Rxe3
23.Bxe3 Re4 24.g3 Qd8 25.f4 Nb8 26.Bb7 c6 27.Bxc6 Nxc6 28.Qxc6 h5 29.Kf2 Kh8
30.Bb6 Qf8 31.Ne3 d5 32.Bc5 Qb8 33.Nxf5 gxf5 34.Qxd5  1-0

[Event "ch-POL w"]
[Site "Barlinek POL"]
[Date "2007.03.08"]
[Round "1"]
[White "Szymanska,M"]
[Black "Socko,M"]
[Result "0-1"]
[WhiteElo "2218"]
[BlackElo "2481"]

1.d4 d6 2.Nf3 g6 3.c4 Bg7 4.e4 Nf6 5.Nc3 O-O 6.Be2 e5 7.O-O Qe8 8.dxe5 dxe5
9.Be3 b6 10.h3 Bb7 11.Qc2 Nc6 12.Rfd1 Nb4 13.Qb1 c5 14.Nd5 Rb8 15.Bg5 Nh5
16.a3 Nxd5 17.cxd5 Nf4 18.Bf1 h6 19.Bh4 Kh8 20.b4 f5 21.Ra2 fxe4 22.Qxe4 Nxd5
23.Rxd5 Rf4 24.Qd3 e4 25.Qd2 Bxd5 26.Qxd5 exf3 27.Bg3 Rf5 28.Qc4 Be5 29.Bd3 Bxg3
30.Bxf5 Qe1+  0-1

[Event "FSGM March"]
[Site "Budapest HUN"]
[Date "2007.03.08"]
[Round "6"]
[White "Toth,E"]
[Black "Bosiocic,Mari"]
[Result "1/2-1/2"]
[WhiteElo "2283"]
[BlackElo "2474"]

1.d4 Nf6 2.c4 g6 3.Nc3 Bg7 4.e4 d6 5.Nf3 O-O 6.Be2 e5 7.O-O Na6 8.Be3 Ng4
9.Bg5 Qe8 10.c5 h6 11.Bh4 g5 12.Bg3 exd4 13.Nxd4 dxc5 14.Nf5 Bxf5 15.exf5 Nf6
16.Re1 Qc8 17.Bxa6 bxa6 18.Qc2 Re8 19.Be5 Qd7 20.Na4 c4 21.Rac1 Qb5 22.Nc3 Qa5
23.Bxf6 Bxf6 24.g3 Rxe1+ 25.Rxe1 Rd8 26.Re4 Rd4 27.Rxd4 Bxd4 28.Kg2 Kg7 29.f3 c6
30.Ne2 Bf6 31.Qxc4 Bxb2 32.g4 Be5 33.Qe4 Qd5 34.h3 Kf6 35.Qxd5 cxd5 36.Kf2 Bc7
37.Ke3 Bb6+ 38.Kd3 Ke5 39.Kc2 a5 40.Kd3 a4 41.Nc3 Bd4 42.Nb5 Bb6 43.Nc3 a6
44.Ne2 Bc5 45.Kc3 Ba3 46.Kc2 Be7 47.Kd3 Bf6 48.Nc3 Kd6 49.Nd1 Kc5 50.Ne3 Bd4
51.Nc2 Bg1 52.Ne1 Kd6 53.Kc3 a5 54.Nd3 Be3 55.Ne1 Bf4 56.Kd3 Kc5 57.Nc2 Bg3
58.Na3 Bf2 59.Nc2 Kd6 60.Na3 Ke5 61.Nb5 Be1 62.Nd4 Kf4 63.f6 Bf2 64.Nf5 Ke5
65.Nxh6 Kxf6 66.Ke2 Bc5 67.Nf5 Ke5 68.Kd3 Kf4 69.Nh6 f6 70.Ng8 Ke5 71.Ke2 Bf8  1/2-1/2

[Event "TCh-AUT 2006-7"]
[Site "Mattersburg AUT"]
[Date "2007.03.08"]
[Round "8"]
[White "Schneider Zinner,H"]
[Black "Petschar,H"]
[Result "1-0"]
[WhiteElo "2361"]
[BlackElo "2109"]

1.d4 Nf6 2.Nf3 g6 3.c4 Bg7 4.Nc3 O-O 5.e4 d6 6.Be2 e5 7.O-O Na6 8.Re1 c6
9.Bf1 Bg4 10.d5 Ne8 11.Be2 h6 12.Rb1 c5 13.a3 Bd7 14.g3 Kh7 15.Nh4 Bf6 16.Ng2 h5
17.f4 exf4 18.Bxf4 Bg7 19.Bd3 Bd4+ 20.Kh1 Nf6 21.Qd2 Ng4 22.Rf1 Qe7 23.b4 b6
24.Ne2 Nf2+ 25.Rxf2 Bxf2 26.Rf1 Bd4 27.Nxd4 cxd4 28.c5 bxc5 29.Bxa6 Qxe4
30.Bxd6 Qxd5 31.Bxf8 Rxf8 32.Qc2 Bh3 33.Kg1 d3 34.Qd2 c4 35.Nf4 Qd6 36.Nxh3 Qxa6
37.Ng5+ Kg8 38.Ne4 Qb6+ 39.Qf2 Qxf2+ 40.Kxf2 f5 41.Nc3 Rd8 42.Ke1 d2+ 43.Kd1 Rd3
44.Kc2 h4 45.gxh4 Rh3 46.b5 Kf7 47.Rd1 Rxh4 48.Rxd2 Ke6 49.a4 g5 50.a5 Rh8
51.Ne2 Kf6 52.Nd4 f4 53.Nc6 Rh7 54.a6  1-0

[Event "ch-SRB"]
[Site "Vrsac SRB"]
[Date "2007.03.08"]
[Round "5"]
[White "Damljanovic,B"]
[Black "Arsovic,Z"]
[Result "1-0"]
[WhiteElo "2590"]
[BlackElo "2457"]

1.d4 Nf6 2.Nf3 g6 3.c4 Bg7 4.Nc3 O-O 5.e4 d6 6.Be2 e5 7.d5 Na6 8.Nd2 h5 9.a3 Bh6
10.b4 c5 11.Rb1 Kg7 12.Rb3 Bd7 13.O-O Qe7 14.Bb2 Kg8 15.Nf3 b6 16.Re1 Rae8
17.Bf1 Bg4 18.Nb5 Nh7 19.h3 Bc8 20.g3 f6 21.Nh4 Kg7 22.Bg2 Rf7 23.Rf1 Bg5
24.Nf3 Bh6 25.Kh2 Rh8 26.Nh4 Bg5 27.Qe1 Bxh4 28.gxh4 g5 29.Rg3 Kf8 30.Qe2 gxh4
31.Rg6 Rg8 32.Qxh5 Rxg6 33.Qxg6 Rg7 34.Qh6 Kg8 35.f4 cxb4 36.Qxh4 bxa3 37.Bxa3 Nc5
38.f5 Ng5 39.Bxc5 bxc5 40.Ra1 a6 41.Nc3 Qf8 42.Rb1 Rh7 43.Qg4 Rg7 44.Qe2 Rb7
45.Rxb7 Bxb7 46.Qh5 Bc8 47.Qg6+ Kh8 48.Qh5+ Nh7 49.Qd1 Qh6 50.Ne2 Qe3 51.Ng3 Qh6
52.Qa4 Qf8 53.Qa5 Qe7 54.Bf3 Kg7 55.h4 Qb7 56.Qd8 Qb2+ 57.Kh3  1-0

[Event "Victor Ciocaltea Mem"]
[Site "Bucharest ROM"]
[Date "2007.03.09"]
[Round "4"]
[White "Milanovic,Da"]
[Black "Grigore,Ge"]
[Result "1-0"]
[WhiteElo "2519"]
[BlackElo "2496"]

1.d4 Nf6 2.c4 g6 3.Nc3 Bg7 4.e4 d6 5.Be2 O-O 6.Nf3 e5 7.Be3 Na6 8.O-O Ng4
9.Bg5 Qe8 10.h3 h6 11.Bc1 Nf6 12.Bd3 Nh5 13.Re1 c6 14.Bf1 Nf4 15.Be3 g5 16.c5 exd4
17.Nxd4 Nxc5 18.Nf5 Bxf5 19.exf5 Qe5 20.g3 Nd5 21.Bxc5 Nxc3 22.Qxd6 Qxd6
23.Bxd6 Na4 24.Bxf8 Kxf8 25.Rab1 Rd8 26.b3 Nc3 27.Rb2 Rd5 28.g4 b5 29.a3 a5
30.Rc2 b4 31.axb4 axb4 32.Bc4 Rd7 33.Kg2 Bd4 34.Ra1 Kg7 35.Ra6 c5 36.Kf3 Bf6
37.Rc6 Bd4 38.Rd2 Ra7 39.Rxd4  1-0

[Event "TCh-AUT 2006-7"]
[Site "Mattersburg AUT"]
[Date "2007.03.09"]
[Round "9"]
[White "Kleissl,H"]
[Black "Karner,C"]
[Result "1-0"]
[WhiteElo "2311"]
[BlackElo "2319"]

1.Nf3 Nf6 2.c4 g6 3.Nc3 Bg7 4.e4 d6 5.d4 O-O 6.Be2 Na6 7.O-O e5 8.Be3 Qe8
9.dxe5 dxe5 10.h3 Nd7 11.a3 f5 12.b4 f4 13.Bc1 c6 14.c5 Qe7 15.Bb2 Nc7 16.Qb3+ Kh8
17.Nb1 Ne6 18.Rd1 b6 19.cxb6 axb6 20.Bc4 Nd4 21.Bxd4 exd4 22.Nbd2 c5 23.Bd5 Rb8
24.Rac1 Ba6 25.Re1 Nf6 26.Rb1 Qd8 27.Be6 cxb4 28.Ng5 Qc7 29.Rbc1 Qa7 30.e5 Nd7
31.Bxd7 Qxd7 32.Ne6 Rfc8 33.Rxc8+ Qxc8 34.Nxg7 Qc3 35.Qf7 Qxd2 36.Qf6 Qxe1+
37.Kh2  1-0

[Event "ch-SRB"]
[Site "Vrsac SRB"]
[Date "2007.03.09"]
[Round "6"]
[White "Arsovic,Z"]
[Black "Brenjo,S"]
[Result "1/2-1/2"]
[WhiteElo "2457"]
[BlackElo "2491"]

1.Nf3 Nf6 2.c4 g6 3.Nc3 Bg7 4.e4 d6 5.d4 O-O 6.Be2 e5 7.Be3 h6 8.O-O Ng4
9.Bc1 Nc6 10.d5 Ne7 11.g3 f5 12.Nh4 Nf6 13.exf5 g5 14.Ng6 Nxg6 15.fxg6 Bh3
16.Re1 e4 17.Bf1 Bxf1 18.Kxf1 Qd7 19.Kg2 Qf5 20.Qe2 Rae8 21.Be3 Ng4 22.Nb5  1/2-1/2

[Event "TCh-AUT 2006-7"]
[Site "Mattersburg AUT"]
[Date "2007.03.11"]
[Round "11"]
[White "Wukits,R"]
[Black "Lehner,O"]
[Result "0-1"]
[WhiteElo "2298"]
[BlackElo "2415"]

1.d4 Nf6 2.c4 g6 3.Nc3 Bg7 4.e4 d6 5.Be2 O-O 6.Nf3 e5 7.d5 a5 8.Nd2 Na6 9.h4 h5
10.Nf3 c6 11.Ng5 cxd5 12.cxd5 Bd7 13.Be3 Ng4 14.Bxg4 Bxg4 15.f3 Bd7 16.Qe2 Qe8
17.g4 Kh8 18.Bb6 Bh6 19.gxh5 gxh5 20.Be3 b5 21.Ne6 fxe6 22.Bxh6 Rg8 23.Bg5 b4
24.dxe6 Bxe6 25.Nb5 Qc6 26.Be7 Rae8 27.Bxd6 Bc4 28.Qd2 Rg6 29.Bxe5+ Rxe5
30.Qd4 Qc5 31.Rc1 Qxd4 32.Nxd4 Bxa2 33.Rc8+ Bg8 34.Kf2 Nc5 35.Ke3 Na4 36.Rh2 Nb6
37.Rd8 Nc4+ 38.Kd3 Nd6 39.Rc2 a4 40.Rc6 Nb7 41.Rb8 Rxc6 42.Nxc6 Rb5  0-1

[Event "TCh-AUT 2006-7"]
[Site "Mattersburg AUT"]
[Date "2007.03.11"]
[Round "11"]
[White "Karner,C"]
[Black "Schweda,R"]
[Result "1-0"]
[WhiteElo "2319"]
[BlackElo "2436"]

1.d4 Nf6 2.c4 d6 3.Nf3 g6 4.Nc3 Bg7 5.e4 O-O 6.Be2 Nbd7 7.O-O e5 8.Qc2 h6
9.Rd1 Nh7 10.b3 Re8 11.Be3 Ng5 12.Nxg5 hxg5 13.dxe5 Bxe5 14.Rac1 b6 15.Qd2 Bb7
16.Bxg5 f6 17.Be3 Bxc3 18.Rxc3 Bxe4 19.Bd4 Kg7 20.Rg3 Qe7 21.h4 Nc5 22.h5 Bf5
23.Qf4 Qd7 24.Rxg6+  1-0

[Event "TCh-NOR 2006-7"]
[Site "Oslo NOR"]
[Date "2007.03.11"]
[Round "9"]
[White "Tisdall,J"]
[Black "Stokke,K"]
[Result "1-0"]
[WhiteElo "2430"]
[BlackElo "2330"]

1.Nf3 g6 2.d4 Nf6 3.c4 Bg7 4.Nc3 O-O 5.e4 d6 6.Be2 e5 7.dxe5 dxe5 8.Qxd8 Rxd8
9.Bg5 c6 10.Nxe5 Re8 11.f4 h6 12.Bh4 g5 13.Bg3 Nxe4 14.Nxe4 gxf4 15.Bxf4 Bxe5
16.Bxe5 Rxe5 17.Nf6+ Kg7 18.Rf1 Na6 19.Nh5+ Kg8 20.O-O-O Bf5 21.Bd3 Bxd3
22.Nf6+ Kg7 23.Rxd3 Nc5 24.Rdf3 Rd8 25.Ng4 Re7 26.Ne3 Kf8 27.Nf5 Re6 28.Rh3 Nd3+
29.Kb1 Ne1 30.a3 Nxg2 31.Nxh6 f6 32.Nf5 Rd2 33.Rh8+ Kf7 34.Rh7+ Kf8 35.Rh8+ Kf7
36.Rh7+ Kf8 37.Rxb7 Ne1 38.Rb8+ Kf7 39.Rb7+ Kf8 40.Ng7 Ree2 41.Rxf6+ Kg8
42.Nf5 Rxh2 43.Rg7+  1-0

[Event "FSGM March"]
[Site "Budapest HUN"]
[Date "2007.03.13"]
[Round "11"]
[White "Farago,I"]
[Black "Toth,E"]
[Result "1-0"]
[WhiteElo "2531"]
[BlackElo "2283"]

1.d4 Nf6 2.c4 g6 3.Nc3 Bg7 4.e4 d6 5.Be2 O-O 6.Nf3 e5 7.O-O Na6 8.Re1 c6
9.Bf1 Bg4 10.d5 Ne8 11.h3 Bd7 12.c5 Nac7 13.Bg5 f6 14.Be3 Qe7 15.Qb3 cxd5
16.Nxd5 Nxd5 17.Bc4 Kh8 18.Bxd5 Bc6 19.Red1 f5 20.Bxc6 bxc6 21.cxd6 Qd7 22.Ng5 f4
23.Bc5 Rf6 24.Rd3 h6 25.Nf3 Re6 26.Rad1 g5 27.Qb4 Rd8 28.Rb3 Qf7 29.Qb7 Rd7
30.Qxc6 Nf6 31.Rb8+ Kh7 32.Rc8  1-0

[Event "Victor Ciocaltea Mem"]
[Site "Bucharest ROM"]
[Date "2007.03.14"]
[Round "8"]
[White "Grigore,Ge"]
[Black "Szabo,G ROM"]
[Result "1-0"]
[WhiteElo "2496"]
[BlackElo "2496"]

1.d4 g6 2.c4 Bg7 3.Nc3 d6 4.Nf3 Nd7 5.e4 e5 6.Be2 Ngf6 7.O-O O-O 8.Re1 c6
9.Bf1 a5 10.dxe5 dxe5 11.Qc2 Qe7 12.b3 Ne8 13.Na4 Nc7 14.c5 Ne6 15.Be3 f5
16.exf5 gxf5 17.Bc4 e4 18.Bd4 Kh8 19.Bxe6 Qxe6 20.Bxg7+ Kxg7 21.Rad1 Qg6
22.Qc3+ Qf6 23.Nd4 Kh8 24.f4 Rf7 25.Ne2 Qxc3 26.Nexc3 Rg7 27.Rd6 Rb8 28.Red1 Nf8
29.Rd8 Rg8 30.Nb6 Ne6 31.Rxg8+ Kxg8 32.g4 Nxc5 33.Rd8+ Kg7 34.gxf5  1-0

[Event "Victor Ciocaltea Mem"]
[Site "Bucharest ROM"]
[Date "2007.03.17"]
[Round "11"]
[White "Shishkin,Va UKR"]
[Black "Jianu,V"]
[Result "1-0"]
[WhiteElo "2474"]
[BlackElo "2498"]

1.d4 Nf6 2.c4 g6 3.Nc3 Bg7 4.e4 d6 5.Be2 O-O 6.Nf3 e5 7.Be3 Na6 8.O-O Ng4
9.Bg5 Qe8 10.dxe5 dxe5 11.c5 f6 12.Bxa6 bxa6 13.Bd2 Rb8 14.Qc2 Nh6 15.Nd5 c6
16.Ne3 Nf7 17.Rad1 Qe7 18.Ba5 Re8 19.b4 Bf8 20.a3 Rb7 21.Rd2 Qe6 22.Nc4 f5
23.Rfd1 f4 24.Bd8 h6 25.h3 g5 26.Qc3 Qg6 27.Na5 Rb5 28.a4 Rxa5 29.Bxa5 Qxe4
30.Bc7 Qf5 31.Re1 Bg7 32.Rde2 e4 33.Qc2 Qd7 34.Rxe4 Rxe4 35.Rxe4 Bf6 36.Re1 Kg7
37.Ne5 Nxe5 38.Bxe5 Bxe5 39.Rxe5 Kf6 40.Qc3 Kf7 41.Re1  1-0

[Event "60th ch-RUS sf Urals"]
[Site "Nizhnij Tagil RUS"]
[Date "2007.03.17"]
[Round "4"]
[White "Obodchuk,A"]
[Black "Lobov,D"]
[Result "1-0"]
[WhiteElo "2410"]
[BlackElo "2152"]

1.d4 Nf6 2.c4 g6 3.Nc3 Bg7 4.e4 d6 5.Nf3 O-O 6.Be2 e5 7.Be3 Nc6 8.d5 Ne7
9.Nd2 h5 10.h3 Nh7 11.g4 f5 12.Nb3 h4 13.f3 fxg4 14.hxg4 g5 15.Qd2 Ng6 16.O-O-O Nf4
17.Bf1 Rf7 18.c5 Nf8 19.Kb1 Nd7 20.cxd6 cxd6 21.Rc1 b6 22.Na1 a5 23.Nc2 Ba6
24.Bxa6 Rxa6 25.Bg1 b5 26.Nxb5 Qb8 27.a4 Nc5 28.Bxc5 dxc5 29.Ne3 Bf8 30.Nc4 Rb7
31.d6  1-0

[Event "Victor Ciocaltea Mem"]
[Site "Bucharest ROM"]
[Date "2007.03.19"]
[Round "13"]
[White "Shishkin,Va UKR"]
[Black "Grigore,Ge"]
[Result "1-0"]
[WhiteElo "2474"]
[BlackElo "2496"]

1.d4 Nf6 2.c4 g6 3.Nc3 Bg7 4.e4 d6 5.Be2 O-O 6.Nf3 e5 7.Be3 Ng4 8.Bg5 f6
9.Bh4 g5 10.Bg3 Nh6 11.h3 Nc6 12.d5 Ne7 13.Qd2 Ng6 14.O-O-O Nf4 15.Bxf4 gxf4
16.Nh4 f5 17.Nxf5 Nxf5 18.exf5 Bxf5 19.Bd3 e4 20.Nxe4 c6 21.Nc3 Bxc3 22.Qxc3 cxd5
23.Bxf5 Rxf5 24.Kb1 dxc4 25.Qxc4+ d5 26.Qd4 Qb6 27.Qxb6 axb6 28.Rd3 Re8 29.Rhd1 Re2
30.Rf3 Rg5 31.g4 fxg3 32.fxg3 Rh2 33.h4 Re5 34.a3 d4 35.Rxd4 Kg7 36.Rd7+ Kg6
37.Rd6+ Kh5 38.Rxb6 Kg4 39.Rf7 h5 40.Rg7+ Kh3 41.Rbxb7 Ree2 42.Rg5 Rxb2+
43.Rxb2 Rh1+ 44.Kc2 Rc1+ 45.Kb3 Rc3+ 46.Kb4  1-0

[Event "60th ch-RUS sf Urals"]
[Site "Nizhnij Tagil RUS"]
[Date "2007.03.19"]
[Round "6"]
[White "Obodchuk,A"]
[Black "Chuprov,D"]
[Result "0-1"]
[WhiteElo "2410"]
[BlackElo "2534"]

1.d4 Nf6 2.c4 g6 3.Nc3 Bg7 4.e4 d6 5.Nf3 O-O 6.Be2 e5 7.Be3 Ng4 8.Bg5 f6
9.Bh4 g5 10.Bg3 Nh6 11.dxe5 dxe5 12.Qd5+ Nf7 13.O-O-O Qe7 14.Qa5 c6 15.h4 Na6
16.Nh2 Nc7 17.hxg5 fxg5 18.Bg4 Ne6 19.f3 b6 20.Qa4 Nd4 21.Bf2 Nh6 22.Bxc8 Raxc8
23.Kb1 Kh8 24.Be3 a5 25.Rd2 Qc5 26.Nf1 Nf7 27.Bf2 Nd6 28.Ne3 g4 29.fxg4 b5
30.cxb5 cxb5 31.Qd1 b4 32.Ncd5 Nxe4 33.g5 Rxf2 34.Rd3 Nxg5 35.Qg4 Nge6 36.Rdd1 e4  0-1

[Event "ch-RUS U20 Girls"]
[Site "Saint Petersburg RUS"]
[Date "2007.03.19"]
[Round "9"]
[White "Dolgova,O"]
[Black "Nebolsina,V"]
[Result "0-1"]
[WhiteElo "2245"]
[BlackElo "2324"]

1.d4 Nf6 2.c4 g6 3.Nc3 Bg7 4.e4 d6 5.Nf3 O-O 6.Be2 Na6 7.O-O e5 8.d5 Nc5
9.Qc2 a5 10.Ne1 b6 11.b3 Ne8 12.Nd3 f5 13.Nxc5 bxc5 14.Bd2 Nf6 15.Rae1 f4
16.Ra1 g5 17.f3 h5 18.Kf2 g4 19.Ke1 Nh7 20.Kd1 Qh4 21.Rh1 Qf2 22.Qd3 Qxg2
23.Kc2 Qh3 24.Nd1 g3 25.Nc3 g2 26.Rhg1 Qxh2 27.Nb5 Rf7 28.Rad1 Ng5 29.Qc3 Nh3
30.Qa1 Nxg1 31.Rxg1 h4 32.Qe1 h3 33.Bd3 Qg3  0-1

[Event "zt 2.5 m"]
[Site "San Luis ARG"]
[Date "2007.03.20"]
[Round "2"]
[White "Ojeda,Hec"]
[Black "Mahia,G"]
[Result "0-1"]
[WhiteElo "2089"]
[BlackElo "2424"]

1.d4 Nf6 2.c4 g6 3.Nc3 Bg7 4.e4 O-O 5.Nf3 d6 6.Be2 Nbd7 7.O-O e5 8.d5 a5
9.Qc2 Nh5 10.Re1 Nc5 11.b3 f5 12.Nd2 Nf6 13.f3 c6 14.exf5 Bxf5 15.Nde4 cxd5
16.cxd5 Rc8 17.Qb1 Nfxe4 18.fxe4 Bxe4 19.Nxe4 Qh4 20.Ng3 Qd4+ 21.Kh1 e4 22.Ba3 Nd3
23.Bxd3 exd3 24.Rd1 Rf2 25.Rg1 Qxa1 26.Qxa1 Bxa1 27.Rxa1 Rcc2 28.Rd1 Rfd2
29.Re1 Rxg2 30.Bxd6 Rxh2+ 31.Kg1 Rhg2+ 32.Kh1 Rxg3  0-1

[Event "Open"]
[Site "Zagreb CRO"]
[Date "2007.03.21"]
[Round "5"]
[White "Cebalo,M"]
[Black "Plenkovic,Z"]
[Result "1-0"]
[WhiteElo "2471"]
[BlackElo "2366"]

1.d4 Nf6 2.c4 g6 3.Nc3 Bg7 4.e4 d6 5.Nf3 O-O 6.Be2 e5 7.O-O exd4 8.Nxd4 Nc6
9.Nc2 Re8 10.f3 Nd7 11.Be3 Nc5 12.Qd2 a5 13.Rad1 f5 14.Bg5 Qd7 15.Nd5 Qf7
16.Na3 Nd4 17.Nb5 Nce6 18.Be3 Nxe2+ 19.Qxe2 f4 20.Bf2 Be5 21.Qc2 Ra6 22.Nd4 c6
23.Nxe6 Bxe6 24.Nb6 Qc7 25.Na4 Qf7 26.b3 b5 27.cxb5 cxb5 28.Nb6 Qb7 29.Nd5 a4
30.Rd3 Rc8 31.Qd2 axb3 32.axb3 Qf7 33.h3 Rac6 34.Qb4 Rc2 35.Rfd1 Rb2 36.R3d2 Rxd2
37.Rxd2 Qb7 38.Kh2 Kf7 39.Bd4 Rc1 40.Ra2 Bxd4 41.Qxd4  1-0

[Event "ch-KAZ"]
[Site "Astana KAZ"]
[Date "2007.03.22"]
[Round "3"]
[White "Issabayev,D"]
[Black "Gnusarev,P"]
[Result "0-1"]
[WhiteElo "2258"]
[BlackElo "2426"]

1.d4 Nf6 2.c4 g6 3.Nc3 Bg7 4.e4 d6 5.Nf3 O-O 6.Be2 e5 7.O-O Na6 8.Re1 Qe8
9.Bf1 Bg4 10.d5 Nb4 11.Be2 a5 12.Be3 Na6 13.b3 Bd7 14.Nd2 Kh8 15.a3 Ng8 16.f3 f5
17.Rb1 Bh6 18.Bf2 Nc5 19.Qc2 Nf6 20.b4 axb4 21.axb4 Na4 22.Bd3 Nxc3 23.Qxc3 Nh5
24.c5 Nf4 25.Bf1 Bb5 26.Nc4 fxe4 27.fxe4 Ra2 28.Rb2 Rxb2 29.Qxb2 Bxc4 30.Bxc4 Qe7
31.Qb3 Bg5 32.Bf1 Nh5 33.g3 Qf7 34.Re2 Nf6 35.Bg2 Ng4 36.Be1 h5 37.h3 Nf6
38.h4 Bh6 39.Bh3 Ng4 40.Qd3 g5 41.cxd6 cxd6 42.Rg2 gxh4 43.Bxg4 hxg4 44.Rf2 Qg6
45.Rxf8+ Bxf8 46.gxh4 Bh6 47.Kg2 Bf4 48.Bg3 Kh7 49.Bf2 Kh6 50.Be1 b5 51.Qc2 Be3
52.Qd3 Bf4 53.Qc2 Kh5 54.Qe2 Qe8 55.Qc2 Qg6 56.Qe2 Qh7 57.Qc2 Be3 58.Qd3 Bd4
59.Bd2 Qf7 60.Be1 Qf4 61.Qe2 Be3 62.Bg3 Qxe4+  0-1

[Event "zt 2.5 m"]
[Site "San Luis ARG"]
[Date "2007.03.22"]
[Round "6"]
[White "Peralta,Fe"]
[Black "Flores Rios,M"]
[Result "1/2-1/2"]
[WhiteElo "2549"]
[BlackElo "2320"]

1.Nf3 Nf6 2.c4 g6 3.Nc3 Bg7 4.e4 d6 5.d4 O-O 6.Be2 e5 7.Be3 Na6 8.O-O Ng4
9.Bg5 Qe8 10.dxe5 dxe5 11.h3 h6 12.Bd2 Nf6 13.Be3 Qe7 14.a3 c6 15.b4 Nh5
16.Re1 Nf4 17.Bf1 Re8 18.Ra2 Nc7 19.Rd2 Nce6 20.g3 Nh5 21.c5 Ng5 22.Nxg5 hxg5
23.Rd6 Bf6 24.b5 Rd8 25.Re2 Be6 26.Red2 Qe8 27.bxc6 bxc6 28.Qa4 Rdc8 29.Rb2 Be7
30.Rd1 Rc7 31.Na2 f5 32.Qa5 Rd7 33.Rxd7 Qxd7 34.Bc1 Qd4 35.Nb4 Rc8  1/2-1/2

[Event "VIII Dos Hermanas Internet"]
[Site "ICC INT"]
[Date "2007.03.23"]
[Round "1.3"]
[White "Ibrahimov,R"]
[Black "Popovic,Du"]
[Result "1-0"]
[WhiteElo "2530"]
[BlackElo "2557"]

1.Nf3 Nf6 2.c4 g6 3.Nc3 Bg7 4.e4 O-O 5.d4 d6 6.Be2 e5 7.Be3 Ng4 8.Bg5 f6
9.Bh4 g5 10.Bg3 Nh6 11.d5 Nd7 12.Nd2 f5 13.exf5 Nf6 14.Nde4 Nxe4 15.Nxe4 Bxf5
16.Bd3 g4 17.O-O Kh8 18.Rc1 Ng8 19.Re1 b6 20.b4 a5 21.a3 axb4 22.axb4 Ra3
23.Bb1 Bh6 24.Rc3 Ra1 25.Qe2 Qe8 26.c5 bxc5 27.bxc5 Qb8 28.Bd3 Rxe1+ 29.Qxe1 Bg7
30.Rc1 Bg6 31.Qe2 Ne7 32.Ng5 Bh6 33.Bh4 Nf5 34.Bxf5 Bxf5 35.cxd6 cxd6 36.Rd1 Qb3
37.Ne6 Bxe6 38.dxe6 Qxe6 39.Qd3 Rc8 40.h3 gxh3 41.Qxd6 Qxd6 42.Rxd6 hxg2
43.Rxh6 Kg7 44.Rd6 Rc4 45.Bg3 e4 46.Kxg2 h5 47.Rd5 Kg6 48.Bf4 h4 49.Be5 Kf5
50.Bh2+ Kg4 51.Rd1 Rc2 52.Re1 h3+ 53.Kf1 Rc4 54.Ke2 Kf5 55.Rd1 Rc2+ 56.Rd2 Rc1
57.Rd5+ Kf6 58.Rh5 Rc2+ 59.Ke3 Kg6 60.Rh8 Kf5 61.Bg3 Kg4 62.Rh4+ Kf5 63.Rxh3 Rc3+
64.Ke2 Ra3 65.Rh5+ Kf6 66.Rh6+ Kf5 67.Rh5+ Kf6 68.Rh4 Kf5 69.Rh5+ Kf6 70.Rh4 Kg6
71.Rxe4 Kf5 72.Re3 Ra2+ 73.Kf3 Ra4 74.Re5+ Kf6 75.Re4 Ra3+ 76.Kg4 Ra2 77.Bh4+ Kf7
78.Rf4+ Kg6 79.Rf6+ Kg7 80.f4 Ra1 81.Bg5 Ra5 82.Rb6 Ra7 83.f5 Kf7 84.Re6 Ra4+
85.Kh5 Ra5 86.Re7+ Kf8 87.f6 Ra2 88.Kg6 Ra8 89.Bh6+ Kg8 90.f7+ Kh8 91.Bg7+  1-0

[Event "VIII Dos Hermanas Internet"]
[Site "ICC INT"]
[Date "2007.03.23"]
[Round "1.1"]
[White "Ibrahimov,R"]
[Black "Popovic,Du"]
[Result "1-0"]
[WhiteElo "2530"]
[BlackElo "2557"]

1.Nf3 Nf6 2.c4 g6 3.Nc3 Bg7 4.e4 O-O 5.d4 d6 6.Be2 e5 7.Be3 Ng4 8.Bg5 f6
9.Bh4 g5 10.Bg3 Nh6 11.d5 Nd7 12.Nd2 f5 13.exf5 Nf6 14.Nde4 Nxe4 15.Nxe4 Bxf5
16.Bd3 g4 17.O-O Kh8 18.Rc1 Ng8 19.Re1 h5 20.h4 Bh6 21.Rc3 Bxe4 22.Bxe4 b6
23.Bg6 Nf6 24.Qc2 Kg7 25.Bf5 Nd7 26.b4 a5 27.a3 axb4 28.axb4 Rf6 29.Bxd7 Qxd7
30.c5 bxc5 31.bxc5 Rf7 32.cxd6 cxd6 33.Rc6 Re8 34.Rxe5 dxe5 35.Qg6+ Kf8 36.Qxh6+ Kg8
37.Rg6+ Rg7 38.Qxh5 Rd8 39.Bxe5 Rxg6 40.Qxg6+ Kf8 41.Qf6+ Kg8 42.Qh8+ Kf7
43.Qg7+ Ke8 44.Qg8+ Ke7 45.d6+  1-0

[Event "VIII Dos Hermanas Internet"]
[Site "ICC INT"]
[Date "2007.03.23"]
[Round "1.2"]
[White "Shipov,S"]
[Black "Vovk,Y"]
[Result "1-0"]
[WhiteElo "2591"]
[BlackElo "2497"]

1.d4 Nf6 2.c4 g6 3.Nc3 Bg7 4.e4 d6 5.Nf3 O-O 6.Be2 e5 7.Be3 h6 8.O-O Ng4
9.Bc1 Nc6 10.d5 Ne7 11.Ne1 f5 12.Bxg4 fxg4 13.Be3 g5 14.a4 Ng6 15.a5 h5 16.c5 Rf7
17.Nd3 Nf4 18.Rc1 h4 19.b4 Bd7 20.b5 h3 21.g3 Nxd3 22.Qxd3 Qf6 23.Qe2 dxc5
24.Bxc5 Qf3 25.Qxf3 Rxf3 26.Be3 Bf8 27.Rb1 Kh7 28.Rfc1 Kg6 29.Na4 Bd6 30.Nc5 Bc8
31.b6 cxb6 32.axb6 a5 33.Kf1 a4 34.Nxa4 Rxa4 35.Rxc8 Rxe4 36.Ke2 Ra4 37.Rb2 e4
38.Rg8+ Kf6 39.Bxg5+ Ke5 40.Be3 Ba3 41.Ra2 Kxd5 42.Rxg4 Ra6 43.Rh4 Rf6 44.Rxh3 Kc4
45.Rh7 Kb3 46.Ra1 Rc6 47.Rxb7 Rc2+ 48.Kf1 Ra4 49.Ra7  1-0